New York Knicks All-Time Scoring Leaders - Statistics

General Stats
  • This quiz has been taken 79 times
    73 since last reset
  • The average score is 10 of 20
Answer Stats
Points Player % Correct
23665 Patrick Ewing
97%
14617 Walt Frazier
97%
10186 Carmelo Anthony
95%
12183 Willis Reed
89%
8489 John Starks
80%
11165 Allan Houston
71%
9679 Earl Monroe
65%
6957 Dave DeBusschere
62%
7258 Charles Oakley
61%
6284 Latrell Sprewell
42%
9217 Bill Bradley
32%
9442 Dick Barnett
32%
10392 Richie Guerin
32%
6555 Ray Williams
27%
9006 Bill Cartwright
23%
10449 Carl Braun
18%
7771 Harry Gallatin
18%
8318 Willies Naulls
11%
8258 Gerald Wilkins
6%
6854 Kenny Sears
6%
No matching quizzes found
Score Distribution
Percent of People with Each Score
Percentile by Number Answered
Your Score History
You have not taken this quiz since the last reset